|
|
|
|
| LEADER |
01078nam a2200289 u 4500 |
| 001 |
10059533 |
| 003 |
upatras |
| 005 |
20210117200956.0 |
| 008 |
070208s1980 us eng |
| 020 |
|
|
|a 0395282535
|
| 040 |
|
|
|a GR-PaULI
|c GR-PaULI
|
| 041 |
0 |
|
|a eng
|
| 082 |
0 |
4 |
|a 808.06
|
| 100 |
1 |
|
|a McCrimmon, James M.
|9 52527
|
| 245 |
1 |
0 |
|a Writing with a purpose
|c James M.Mcrimmon; contributing authors Susan Miller, Web Salmon
|
| 250 |
|
|
|a 7th ed.
|
| 260 |
|
|
|a Boston
|b Houghton Mifflin Company
|c 1980
|
| 300 |
|
|
|a 557 p.
|b ill.
|c 24 cm.
|
| 504 |
|
|
|a Includes index
|
| 650 |
|
4 |
|a Συγγραφική τέχνη
|x Μεθοδολογία
|9 36404
|
| 700 |
1 |
|
|a Miller, Susan
|9 52528
|
| 700 |
1 |
|
|a Salmon, Webb
|9 52529
|
| 852 |
|
|
|a GR-PaULI
|b ΠΑΤΡΑ
|b ΒΚΠ
|b ΒΣ1
|k ΑΣΧΞ
|h 808.06 MCC
|m 081741
|p 025000116585
|t 1
|
| 942 |
|
|
|2 ddc
|c BK15
|
| 952 |
|
|
|0 0
|1 0
|4 0
|6 808_060000000000000_MCC
|7 0
|9 56576
|a LISP
|b LISP
|c BSC
|d 2016-04-24
|i 081741
|l 0
|o 808.06 MCC
|p 025000116585
|r 2016-04-24 00:00:00
|t 1
|w 2016-04-24
|y BK15
|
| 998 |
|
|
|c ΠΑΠΑΧΡΙΣΤΟΠΟΥΛΟΣ
|d 2007-02
|
| 999 |
|
|
|c 35904
|d 35904
|